000 00325 a2200109 4500
001 ART_9190
005 20260410161835.0
008 260409a
245 1 0 _aActualidad financiera y cambiaria
100 1 _aSun, Ramón F.
773 0 _tContabilidad y administración
_g- Año 4, Nº 38 (ago. 1980)
_wREV5485
999 _c23560
_d23560